[Event "DVM U12 2023"]
[Site "Magdeburg GER"]
[Date "2023.12.28"]
[Round "3"]
[White "Li, Xiao Teng"]
[Black "Hefele, Stefanie"]
[Result "1-0"]
[Termination "normal"]
[Board "8.3"]
[WhiteElo "1220"]
[BlackElo "1174"]
[WhiteClock "01:18:41"]
[BlackClock "00:26:42"]
[WhiteTeam "SK Bad Homburg 1927"]
[BlackTeam "TV Tegernsee"]
[PlyCount "87"]
[WhiteFideId "34611053"]
[BlackFideId "34612041"]
[EventCountry "GER"]
[EventRounds "7"]
[EventType "team-swiss"]
[EventDate "2023.12.26"]

1. c4 {[%clk 01:30:51]} {[%emt 00:00:08]} e5 {[%clk 01:30:17]} {[%emt
00:00:43]} 2. Nc3 {[%clk 01:30:56]} {[%emt 00:00:26]} Nc6 {[%clk 01:29:38]}
{[%emt 00:01:09]} 3. g3 {[%clk 01:31:06]} {[%emt 00:00:20]} Nf6 {[%clk
01:28:03]} {[%emt 00:02:05]} 4. Bg2 {[%clk 01:31:18]} {[%emt 00:00:17]} Bc5
{[%clk 01:26:20]} {[%emt 00:02:13]} 5. d3 {[%clk 01:30:11]} {[%emt 00:01:38]}
O-O {[%clk 01:20:55]} {[%emt 00:05:54]} 6. e3 {[%clk 01:28:15]} {[%emt
00:02:27]} d6 {[%clk 01:15:36]} {[%emt 00:05:49]} 7. Nge2 {[%clk 01:28:06]}
{[%emt 00:00:39]} Ne7 {[%clk 01:00:40]} {[%emt 00:15:26]} 8. O-O {[%clk
01:26:57]} {[%emt 00:01:39]} d5 {[%clk 00:57:35]} {[%emt 00:03:36]} 9. d4
{[%clk 01:26:56]} {[%emt 00:00:31]} exd4 {[%clk 00:56:59]} {[%emt 00:01:07]}
10. exd4 {[%clk 01:26:07]} {[%emt 00:01:19]} Bb4 {[%clk 00:53:01]} {[%emt
00:04:28]} 11. Qb3 {[%clk 01:24:13]} {[%emt 00:02:24]} Bxc3 {[%clk 00:52:29]}
{[%emt 00:01:01]} 12. Nxc3 {[%clk 01:24:07]} {[%emt 00:00:37]} c6 {[%clk
00:51:38]} {[%emt 00:01:20]} 13. Bg5 {[%clk 01:24:03]} {[%emt 00:00:34]} Nf5
{[%clk 00:49:47]} {[%emt 00:02:21]} 14. cxd5 {[%clk 01:23:06]} {[%emt
00:01:28]} Nxd4 {[%clk 00:48:13]} {[%emt 00:02:03]} 15. Qc4 {[%clk 01:23:13]}
{[%emt 00:00:23]} Nb5 {[%clk 00:41:44]} {[%emt 00:06:59]} 16. dxc6 {[%clk
01:22:44]} {[%emt 00:00:59]} Nxc3 {[%clk 00:41:39]} {[%emt 00:00:35]} 17. cxb7
{[%clk 01:22:13]} {[%emt 00:01:01]} Ne2+ {[%clk 00:39:14]} {[%emt 00:02:55]}
18. Qxe2 {[%clk 01:22:24]} {[%emt 00:00:20]} Rb8 {[%clk 00:39:21]} {[%emt
00:00:23]} 19. bxc8=Q {[%clk 01:22:33]} {[%emt 00:00:21]} Qxc8 {[%clk
00:39:30]} {[%emt 00:00:20]} 20. Bxf6 {[%clk 01:22:29]} {[%emt 00:00:34]} gxf6
{[%clk 00:39:48]} {[%emt 00:00:13]} 21. b3 {[%clk 01:22:00]} {[%emt 00:01:00]}
Re8 {[%clk 00:39:06]} {[%emt 00:01:11]} 22. Qf3 {[%clk 01:21:43]} {[%emt
00:00:47]} Qe6 {[%clk 00:38:21]} {[%emt 00:01:15]} 23. Qe3 {[%clk 01:20:58]}
{[%emt 00:01:15]} Qxe3 {[%clk 00:38:19]} {[%emt 00:00:32]} 24. fxe3 {[%clk
01:21:14]} {[%emt 00:00:14]} Rxe3 {[%clk 00:38:34]} {[%emt 00:00:15]} 25. Rxf6
{[%clk 01:21:38]} {[%emt 00:00:06]} Rd8 {[%clk 00:37:11]} {[%emt 00:01:52]} 26.
Rf2 {[%clk 01:19:57]} {[%emt 00:02:11]} Red3 {[%clk 00:34:28]} {[%emt
00:03:13]} 27. Raf1 {[%clk 01:19:52]} {[%emt 00:00:34]} R8d7 {[%clk 00:34:27]}
{[%emt 00:00:31]} 28. Bh3 {[%clk 01:19:25]} {[%emt 00:00:57]} Re7 {[%clk
00:33:58]} {[%emt 00:01:00]} 29. Rb2 {[%clk 01:19:00]} {[%emt 00:00:55]} Rb7
{[%clk 00:33:22]} {[%emt 00:01:05]} 30. Bg2 {[%clk 01:19:10]} {[%emt 00:00:19]}
Rc7 {[%clk 00:32:14]} {[%emt 00:01:39]} 31. b4 {[%clk 01:19:19]} {[%emt
00:00:22]} Ra3 {[%clk 00:32:10]} {[%emt 00:00:34]} 32. b5 {[%clk 01:19:21]}
{[%emt 00:00:28]} Rc5 {[%clk 00:31:23]} {[%emt 00:01:16]} 33. Bc6 {[%clk
01:19:12]} {[%emt 00:00:39]} Kg7 {[%clk 00:30:47]} {[%emt 00:01:05]} 34. Rbf2
{[%clk 01:18:22]} {[%emt 00:01:20]} a6 {[%clk 00:30:00]} {[%emt 00:01:18]} 35.
Rxf7+ {[%clk 01:18:36]} {[%emt 00:00:16]} Kh6 {[%clk 00:29:51]} {[%emt
00:00:38]} 36. R7f6+ {[%clk 01:17:47]} {[%emt 00:01:19]} Kg7 {[%clk 00:29:51]}
{[%emt 00:00:31]} 37. bxa6 {[%clk 01:18:06]} {[%emt 00:00:11]} Rxa6 {[%clk
00:29:54]} {[%emt 00:00:27]} 38. Rf7+ {[%clk 01:18:08]} {[%emt 00:00:28]} Kh8
{[%clk 00:27:55]} {[%emt 00:02:28]} 39. Be4 {[%clk 01:17:38]} {[%emt 00:01:00]}
Rh5 {[%clk 00:26:42]} {[%emt 00:01:44]} 40. Rf8+ {[%clk 01:17:41]} {[%emt
00:00:28]} Kg7 {[%clk 00:26:57]} {[%emt 00:00:14]} 41. R1f7+ {[%clk 01:17:52]}
{[%emt 00:00:20]} Kh6 {[%clk 00:26:55]} {[%emt 00:00:32]} 42. Rxh7+ {[%clk
01:18:10]} {[%emt 00:00:12]} Kg5 {[%clk 00:26:37]} {[%emt 00:00:47]} 43. Rg8+
{[%clk 01:18:19]} {[%emt 00:00:21]} Kf6 {[%clk 00:26:42]} {[%emt 00:00:23]} 44.
Rg6+ {[%clk 01:18:41]} {[%emt 00:00:10]} 1-0

[Event "DVM U12 2023"]
[Site "Magdeburg GER"]
[Date "2023.12.28"]
[Round "3"]
[White "Mügschl, Frederick"]
[Black "Mosch, Cornelius"]
[Result "0-1"]
[Termination "normal"]
[Board "8.4"]
[WhiteElo "1097"]
[BlackElo "1107"]
[WhiteClock "00:47:50"]
[BlackClock "01:20:20"]
[WhiteTeam "TV Tegernsee"]
[BlackTeam "SK Bad Homburg 1927"]
[PlyCount "126"]
[WhiteFideId "34603450"]
[BlackFideId "34681744"]
[EventCountry "GER"]
[EventRounds "7"]
[EventType "team-swiss"]
[EventDate "2023.12.26"]

1. e4 {[%clk 01:30:57]} {[%emt 00:00:02]} e5 {[%clk 01:30:56]} {[%emt
00:00:04]} 2. Nf3 {[%clk 01:31:21]} {[%emt 00:00:06]} Nc6 {[%clk 01:31:16]}
{[%emt 00:00:10]} 3. d4 {[%clk 01:31:45]} {[%emt 00:00:05]} exd4 {[%clk
01:31:19]} {[%emt 00:00:27]} 4. Nxd4 {[%clk 01:32:10]} {[%emt 00:00:06]} Bc5
{[%clk 01:31:34]} {[%emt 00:00:15]} 5. Be3 {[%clk 01:32:31]} {[%emt 00:00:09]}
Bxd4 {[%clk 01:31:41]} {[%emt 00:00:23]} 6. Bxd4 {[%clk 01:32:47]} {[%emt
00:00:14]} Nxd4 {[%clk 01:31:56]} {[%emt 00:00:16]} 7. Qxd4 {[%clk 01:33:09]}
{[%emt 00:00:08]} Qf6 {[%clk 01:32:14]} {[%emt 00:00:12]} 8. Qxf6 {[%clk
01:33:08]} {[%emt 00:00:31]} Nxf6 {[%clk 01:32:38]} {[%emt 00:00:06]} 9. Nc3
{[%clk 01:33:27]} {[%emt 00:00:11]} c6 {[%clk 01:32:35]} {[%emt 00:00:32]} 10.
O-O-O {[%clk 01:33:27]} {[%emt 00:00:30]} O-O {[%clk 01:32:43]} {[%emt
00:00:22]} 11. Bc4 {[%clk 01:33:03]} {[%emt 00:00:54]} a6 {[%clk 01:32:42]}
{[%emt 00:00:30]} 12. h3 {[%clk 01:33:02]} {[%emt 00:00:31]} Nh5 {[%clk
01:32:14]} {[%emt 00:00:58]} 13. g3 {[%clk 01:32:51]} {[%emt 00:00:41]} g6
{[%clk 01:32:37]} {[%emt 00:00:07]} 14. Be2 {[%clk 01:32:13]} {[%emt 00:01:08]}
Nf6 {[%clk 01:32:48]} {[%emt 00:00:18]} 15. e5 {[%clk 01:32:13]} {[%emt
00:00:31]} Ne8 {[%clk 01:33:06]} {[%emt 00:00:12]} 16. Ne4 {[%clk 01:31:07]}
{[%emt 00:01:35]} b5 {[%clk 01:27:08]} {[%emt 00:06:29]} 17. Nc5 {[%clk
01:30:25]} {[%emt 00:01:12]} Ra7 {[%clk 01:26:06]} {[%emt 00:01:32]} 18. h4
{[%clk 01:30:05]} {[%emt 00:00:49]} f6 {[%clk 01:26:13]} {[%emt 00:00:24]} 19.
f4 {[%clk 01:29:35]} {[%emt 00:01:00]} fxe5 {[%clk 01:21:39]} {[%emt 00:05:04]}
20. fxe5 {[%clk 01:29:39]} {[%emt 00:00:26]} Rf5 {[%clk 01:21:49]} {[%emt
00:00:20]} 21. Rhe1 {[%clk 01:29:27]} {[%emt 00:00:42]} d6 {[%clk 01:21:07]}
{[%emt 00:01:13]} 22. Bg4 {[%clk 01:27:40]} {[%emt 00:02:17]} dxc5 {[%clk
01:20:30]} {[%emt 00:01:07]} 23. Bxf5 {[%clk 01:27:44]} {[%emt 00:00:26]} Bxf5
{[%clk 01:20:40]} {[%emt 00:00:20]} 24. e6 {[%clk 01:27:24]} {[%emt 00:00:50]}
Re7 {[%clk 01:20:42]} {[%emt 00:00:27]} 25. Rd8 {[%clk 01:27:25]} {[%emt
00:00:28]} Kg7 {[%clk 01:17:08]} {[%emt 00:04:05]} 26. Rc8 {[%clk 01:27:08]}
{[%emt 00:00:47]} Nc7 {[%clk 01:16:17]} {[%emt 00:01:22]} 27. Re5 {[%clk
01:12:59]} {[%emt 00:14:38]} c4 {[%clk 01:14:19]} {[%emt 00:02:28]} 28. c3
{[%clk 01:12:38]} {[%emt 00:00:52]} Bxe6 {[%clk 01:14:05]} {[%emt 00:00:44]}
29. Rxc7 {[%clk 01:12:22]} {[%emt 00:00:45]} Rxc7 {[%clk 01:14:16]} {[%emt
00:00:19]} 30. Rxe6 {[%clk 01:12:46]} {[%emt 00:00:06]} Kf7 {[%clk 01:13:43]}
{[%emt 00:01:04]} 31. Re4 {[%clk 01:09:09]} {[%emt 00:04:06]} Re7 {[%clk
01:13:46]} {[%emt 00:00:28]} 32. Rf4+ {[%clk 01:08:01]} {[%emt 00:01:38]} Kg7
{[%clk 01:14:02]} {[%emt 00:00:13]} 33. a4 {[%clk 01:08:11]} {[%emt 00:00:20]}
Re3 {[%clk 01:13:59]} {[%emt 00:00:34]} 34. g4 {[%clk 01:07:39]} {[%emt
00:01:02]} h6 {[%clk 01:14:03]} {[%emt 00:00:26]} 35. axb5 {[%clk 01:06:59]}
{[%emt 00:01:10]} cxb5 {[%clk 01:13:57]} {[%emt 00:00:36]} 36. g5 {[%clk
01:06:40]} {[%emt 00:00:49]} hxg5 {[%clk 01:14:12]} {[%emt 00:00:16]} 37. hxg5
{[%clk 01:07:05]} {[%emt 00:00:05]} Rg3 {[%clk 01:14:37]} {[%emt 00:00:05]} 38.
Rd4 {[%clk 01:07:10]} {[%emt 00:00:24]} Rxg5 {[%clk 01:14:52]} {[%emt
00:00:15]} 39. Rd7+ {[%clk 01:07:22]} {[%emt 00:00:18]} Kh6 {[%clk 01:14:55]}
{[%emt 00:00:27]} 40. Ra7 {[%clk 01:07:28]} {[%emt 00:00:24]} Rg1+ {[%clk
01:15:06]} {[%emt 00:00:19]} 41. Kc2 {[%clk 01:07:25]} {[%emt 00:00:33]} Ra1
{[%clk 01:15:20]} {[%emt 00:00:16]} 42. b3 {[%clk 01:07:41]} {[%emt 00:00:13]}
Ra2+ {[%clk 01:15:34]} {[%emt 00:00:16]} 43. Kb1 {[%clk 01:07:56]} {[%emt
00:00:15]} cxb3 {[%clk 01:15:52]} {[%emt 00:00:12]} 44. Rb7 {[%clk 01:06:18]}
{[%emt 00:02:08]} Rc2 {[%clk 01:16:08]} {[%emt 00:00:14]} 45. Ra7 {[%clk
01:05:30]} {[%emt 00:01:18]} Rxc3 {[%clk 01:15:53]} {[%emt 00:00:46]} 46. Rxa6
{[%clk 01:05:41]} {[%emt 00:00:19]} Kh5 {[%clk 01:15:59]} {[%emt 00:00:24]} 47.
Kb2 {[%clk 00:53:24]} {[%emt 00:12:46]} Rf3 {[%clk 01:16:06]} {[%emt 00:00:23]}
48. Ra5 {[%clk 00:53:31]} {[%emt 00:00:23]} Kh4 {[%clk 01:15:50]} {[%emt
00:00:46]} 49. Rxb5 {[%clk 00:53:11]} {[%emt 00:00:50]} g5 {[%clk 01:16:12]}
{[%emt 00:00:08]} 50. Rb4+ {[%clk 00:48:57]} {[%emt 00:04:43]} Kh3 {[%clk
01:16:20]} {[%emt 00:00:24]} 51. Rxb3 {[%clk 00:45:56]} {[%emt 00:03:30]} Rxb3+
{[%clk 01:16:38]} {[%emt 00:00:12]} 52. Kxb3 {[%clk 00:46:18]} {[%emt
00:00:09]} g4 {[%clk 01:17:05]} {[%emt 00:00:03]} 53. Kb4 {[%clk 00:46:31]}
{[%emt 00:00:16]} g3 {[%clk 01:17:26]} {[%emt 00:00:10]} 54. Kb3 {[%clk
00:46:47]} {[%emt 00:00:15]} g2 {[%clk 01:17:46]} {[%emt 00:00:08]} 55. Kb4
{[%clk 00:47:11]} {[%emt 00:00:06]} g1=Q {[%clk 01:18:06]} {[%emt 00:00:10]}
56. Kb3 {[%clk 00:47:33]} {[%emt 00:00:08]} Qc5 {[%clk 01:18:22]} {[%emt
00:00:14]} 57. Ka4 {[%clk 00:47:47]} {[%emt 00:00:13]} Qb6 {[%clk 01:18:33]}
{[%emt 00:00:22]} 58. Ka3 {[%clk 00:47:59]} {[%emt 00:00:18]} Kg3 {[%clk
01:18:58]} {[%emt 00:00:05]} 59. Ka2 {[%clk 00:47:35]} {[%emt 00:00:54]} Kf3
{[%clk 01:19:13]} {[%emt 00:00:15]} 60. Ka3 {[%clk 00:47:56]} {[%emt 00:00:09]}
Ke3 {[%clk 01:19:33]} {[%emt 00:00:10]} 61. Ka4 {[%clk 00:48:15]} {[%emt
00:00:10]} Kd3 {[%clk 01:19:39]} {[%emt 00:00:25]} 62. Ka3 {[%clk 00:47:34]}
{[%emt 00:01:11]} Kc3 {[%clk 01:19:57]} {[%emt 00:00:12]} 63. Ka2 {[%clk
00:47:50]} {[%emt 00:00:14]} Qb2# {[%clk 01:20:20]} 0-1

[Event "DVM U12 2023"]
[Site "Magdeburg GER"]
[Date "2023.12.28"]
[Round "3"]
[White "Ensslen, Jakob"]
[Black "Shevchenko, Igor"]
[Result "0-1"]
[Termination "normal"]
[Board "9.1"]
[WhiteElo "1624"]
[BlackElo "1552"]
[WhiteClock "00:03:58"]
[BlackClock "00:47:20"]
[WhiteTeam "Karlsruher SF 1853"]
[BlackTeam "Schachzwerge Magdeburg"]
[PlyCount "138"]
[WhiteFideId "34640258"]
[BlackFideId "34634924"]
[EventCountry "GER"]
[EventRounds "7"]
[EventType "team-swiss"]
[EventDate "2023.12.26"]

1. e4 {[%clk 01:30:57]} {[%emt 00:00:02]} c6 {[%clk 01:30:39]} {[%emt
00:00:21]} 2. d4 {[%clk 01:31:20]} {[%emt 00:00:07]} d5 {[%clk 01:31:04]}
{[%emt 00:00:06]} 3. Nc3 {[%clk 01:31:41]} {[%emt 00:00:09]} dxe4 {[%clk
01:31:19]} {[%emt 00:00:15]} 4. Nxe4 {[%clk 01:32:06]} {[%emt 00:00:05]} Nf6
{[%clk 01:31:23]} {[%emt 00:00:27]} 5. Ng3 {[%clk 01:31:36]} {[%emt 00:00:59]}
g6 {[%clk 01:28:37]} {[%emt 00:03:16]} 6. Be2 {[%clk 01:31:31]} {[%emt
00:00:34]} Bg7 {[%clk 01:28:53]} {[%emt 00:00:15]} 7. Nf3 {[%clk 01:29:51]}
{[%emt 00:02:10]} Nbd7 {[%clk 01:28:36]} {[%emt 00:00:47]} 8. c3 {[%clk
01:27:24]} {[%emt 00:02:57]} Qc7 {[%clk 01:26:52]} {[%emt 00:02:14]} 9. O-O
{[%clk 01:25:04]} {[%emt 00:02:50]} O-O {[%clk 01:25:20]} {[%emt 00:02:02]} 10.
Re1 {[%clk 01:22:00]} {[%emt 00:03:34]} Re8 {[%clk 01:22:48]} {[%emt 00:03:02]}
11. Bc4 {[%clk 01:18:21]} {[%emt 00:04:10]} Nd5 {[%clk 01:13:03]} {[%emt
00:10:15]} 12. Bg5 {[%clk 01:10:21]} {[%emt 00:08:29]} e6 {[%clk 01:01:59]}
{[%emt 00:11:35]} 13. h4 {[%clk 01:05:23]} {[%emt 00:05:28]} h6 {[%clk
00:52:31]} {[%emt 00:09:58]} 14. Bd2 {[%clk 01:03:08]} {[%emt 00:02:44]} b5
{[%clk 00:45:47]} {[%emt 00:07:15]} 15. Bxd5 {[%clk 01:01:36]} {[%emt
00:02:01]} cxd5 {[%clk 00:45:43]} {[%emt 00:00:34]} 16. h5 {[%clk 00:57:21]}
{[%emt 00:04:44]} g5 {[%clk 00:43:48]} {[%emt 00:02:25]} 17. Qc1 {[%clk
00:50:08]} {[%emt 00:07:42]} f6 {[%clk 00:40:10]} {[%emt 00:04:10]} 18. Nf5
{[%clk 00:45:54]} {[%emt 00:04:43]} Bb7 {[%emt 00:03:20]} 19. Nxg7 {[%clk
00:44:29]} {[%emt 00:00:42]} Kxg7 {[%clk 00:38:57]} {[%emt 00:00:06]} 20. Qc2
{[%clk 00:41:44]} {[%emt 00:03:15]} Nf8 {[%clk 00:38:27]} {[%emt 00:01:00]} 21.
Re2 {[%clk 00:39:16]} {[%emt 00:02:58]} Qf7 {[%clk 00:37:14]} {[%emt 00:01:43]}
22. g4 {[%clk 00:35:53]} {[%emt 00:03:52]} Rac8 {[%clk 00:30:01]} {[%emt
00:07:43]} 23. Rae1 {[%clk 00:33:34]} {[%emt 00:02:49]} a5 {[%clk 00:24:51]}
{[%emt 00:05:40]} 24. Re3 {[%clk 00:30:08]} {[%emt 00:03:55]} Qd7 {[%clk
00:22:43]} {[%emt 00:02:39]} 25. Qd3 {[%clk 00:25:05]} {[%emt 00:05:32]} Ba6
{[%emt 00:01:06]} 26. b4 {[%clk 00:22:39]} {[%emt 00:02:51]} axb4 {[%clk
00:21:53]} {[%emt 00:00:50]} 27. cxb4 {[%clk 00:22:40]} {[%emt 00:00:29]} Rc4
{[%clk 00:21:48]} {[%emt 00:00:34]} 28. Rc1 {[%clk 00:20:30]} {[%emt 00:02:40]}
Rec8 {[%clk 00:22:02]} {[%emt 00:00:17]} 29. Qa3 {[%clk 00:18:41]} {[%emt
00:02:19]} R8c6 {[%clk 00:19:41]} {[%emt 00:02:50]} 30. Rxc4 {[%clk 00:17:55]}
{[%emt 00:01:16]} dxc4 {[%clk 00:19:50]} {[%emt 00:00:21]} 31. Bc3 {[%clk
00:16:16]} {[%emt 00:02:09]} Bb7 {[%clk 00:19:24]} {[%emt 00:00:56]} 32. Qb2
{[%clk 00:15:34]} {[%emt 00:01:12]} Rd6 {[%clk 00:19:06]} {[%emt 00:00:48]} 33.
Kf1 {[%clk 00:12:50]} {[%emt 00:03:13]} Qd8 {[%clk 00:16:06]} {[%emt 00:03:31]}
34. Nd2 {[%clk 00:11:20]} {[%emt 00:02:00]} Nd7 {[%clk 00:16:14]} {[%emt
00:00:22]} 35. Ne4 {[%clk 00:09:36]} {[%emt 00:02:14]} Bxe4 {[%clk 00:16:41]}
{[%emt 00:00:03]} 36. Rxe4 {[%clk 00:09:54]} {[%emt 00:00:11]} Nb6 {[%clk
00:17:05]} {[%emt 00:00:06]} 37. Qe2 {[%clk 00:04:35]} {[%emt 00:05:49]} Na4
{[%clk 00:15:12]} {[%emt 00:02:24]} 38. Ba1 {[%clk 00:04:41]} {[%emt 00:00:24]}
Qc8 {[%clk 00:15:22]} {[%emt 00:00:19]} 39. d5 {[%clk 00:01:37]} {[%emt
00:03:34]} c3 {[%clk 00:14:20]} {[%emt 00:01:32]} 40. Rxe6 {[%clk 00:00:43]}
{[%emt 00:01:24]} Rxe6 {[%clk 00:14:31]} {[%emt 00:00:20]} 41. dxe6 {[%clk
00:29:12]} {[%emt 00:02:00]} c2 {[%clk 00:44:18]} {[%emt 00:00:42]} 42. Bxf6+
{[%clk 00:25:37]} {[%emt 00:04:05]} Kg8 {[%clk 00:44:25]} {[%emt 00:00:25]} 43.
e7 {[%clk 00:23:57]} {[%emt 00:02:10]} c1=Q+ {[%clk 00:44:49]} {[%emt
00:00:05]} 44. Kg2 {[%clk 00:23:55]} {[%emt 00:00:32]} Q1c6+ {[%clk 00:44:58]}
{[%emt 00:00:21]} 45. f3 {[%clk 00:23:28]} {[%emt 00:00:57]} Qxg4+ {[%clk
00:45:22]} {[%emt 00:00:06]} 46. Kf2 {[%clk 00:21:53]} {[%emt 00:02:04]} Qh4+
{[%clk 00:45:39]} {[%emt 00:00:11]} 47. Kg2 {[%clk 00:22:18]} {[%emt 00:00:07]}
Qxh5 {[%clk 00:45:59]} {[%emt 00:00:10]} 48. a3 {[%clk 00:19:09]} {[%emt
00:03:39]} g4 {[%clk 00:46:05]} {[%emt 00:00:24]} 49. Qa2+ {[%clk 00:18:33]}
{[%emt 00:01:07]} Qf7 {[%clk 00:46:27]} {[%emt 00:00:07]} 50. Qd2 {[%clk
00:17:03]} {[%emt 00:01:59]} Qxf3+ {[%clk 00:46:21]} {[%emt 00:00:37]} 51. Kg1
{[%clk 00:17:10]} {[%emt 00:00:23]} Q3xf6 {[%clk 00:45:54]} {[%emt 00:00:57]}
52. Qd8+ {[%clk 00:16:56]} {[%emt 00:00:44]} Kg7 {[%clk 00:46:18]} {[%emt
00:00:06]} 53. e8=N+ {[%clk 00:16:37]} {[%emt 00:00:49]} Qxe8 {[%clk 00:46:44]}
{[%emt 00:00:05]} 54. Qxe8 {[%clk 00:16:55]} {[%emt 00:00:12]} Qa1+ {[%clk
00:46:13]} {[%emt 00:01:01]} 55. Kg2 {[%emt 00:00:47]} Qb2+ {[%emt 00:00:36]}
56. Kg1 {[%clk 00:15:32]} {[%emt 00:00:30]} Qc1+ {[%clk 00:46:37]} {[%emt
00:00:06]} 57. Kg2 {[%clk 00:15:29]} {[%emt 00:00:32]} Qd2+ {[%clk 00:46:53]}
{[%emt 00:00:13]} 58. Kg1 {[%clk 00:15:35]} {[%emt 00:00:25]} Qd1+ {[%clk
00:47:06]} {[%emt 00:00:16]} 59. Kg2 {[%clk 00:15:32]} {[%emt 00:00:34]} Qf3+
{[%clk 00:46:05]} {[%emt 00:01:30]} 60. Kg1 {[%clk 00:14:58]} {[%emt 00:01:05]}
Nc3 {[%clk 00:46:12]} {[%emt 00:00:23]} 61. Qd7+ {[%clk 00:12:43]} {[%emt
00:02:45]} Kf6 {[%clk 00:46:31]} {[%emt 00:00:11]} 62. Qd8+ {[%clk 00:11:55]}
{[%emt 00:01:18]} Ke5 {[%clk 00:46:48]} {[%emt 00:00:13]} 63. Qe7+ {[%clk
00:10:50]} {[%emt 00:01:34]} Kd4 {[%clk 00:46:58]} {[%emt 00:00:20]} 64. Qg7+
{[%clk 00:09:19]} {[%emt 00:02:01]} Kc4 {[%clk 00:47:04]} {[%emt 00:00:24]} 65.
Qg8+ {[%clk 00:08:45]} {[%emt 00:01:04]} Kd3 {[%clk 00:47:09]} {[%emt
00:00:25]} 66. Qh7+ {[%clk 00:08:04]} {[%emt 00:01:11]} Kd2 {[%clk 00:47:06]}
{[%emt 00:00:34]} 67. Qd7+ {[%clk 00:07:16]} {[%emt 00:01:17]} Kc1 {[%clk
00:46:37]} {[%emt 00:01:00]} 68. Qd6 {[%clk 00:03:39]} {[%emt 00:04:06]} Ne2
{[%clk 00:46:52]} {[%emt 00:00:16]} 69. Kh2 {[%clk 00:03:58]} {[%emt 00:00:11]}
Qh3+ {[%clk 00:47:20]} {[%emt 00:00:02]} 0-1